[Event "Asia-ch U20"]
[Site "New Delhi"]
[Date "2006.11.08"]
[Round "1.3"]
[White "Arun Prasad, Subramanian"]
[Black "Aditya, Vikas R"]
[Result "1/2-1/2"]
[WhiteElo "2424"]
[BlackElo "2080"]
[PlyCount "73"]
[EventDate "2006.11.07"]
[EventType "swiss"]
[EventRounds "9"]
[EventCountry "IND"]
[SourceTitle "CBM 115 Extra"]
[Source "ChessBase"]
[SourceDate "2007.01.10"]
[SourceVersion "1"]
[SourceVersionDate "2007.01.10"]
[SourceQuality "1"]

1. Nf3 e6 2. c4 Nf6 3. b3 b6 4. Bb2 Bb7 5. e3 Be7 6. d4 0-0 7. Bd3 d5 8. 0-0 Nbd7 9. Nc3 c5 10. Qe2 Rc8 11. Rad1 Qc7 12. Ne5 a6 13. f4 cxd4 14. exd4 dxc4 15. bxc4 Rfe8 16. Kh1 Bf8 17. Qf2 g6 18. Rfe1 Bg7 19. Nb1 Rcd8 20. Qh4 b5 21. Nd2 bxc4 22. Ndxc4 Nb6 23. Qf2 Nxc4 24. Rc1 Nxe5 25. Rxc7 Nxd3 26. Qd2 Ne4 27. Qe2 Nxe1 28. Rxb7 Nd3 29. g3 Rb8 30. Rb3 Rxb3 31. axb3 f5 32. Kg2 Nxb2 33. Qxb2 Rd8 34. Qc2 Bxd4 35. Qc6 Rd6 36. Qe8+ Kg7 37. Qe7+ 1/2-1/2

[Event "Asia-ch U14"]
[Site "Tehran"]
[Date "2006.06.30"]
[Round "9"]
[White "Aditya, Vikas R"]
[Black "Salem, AR Saleh"]
[Result "0-1"]
[WhiteElo "2088"]
[BlackElo "2054"]
[PlyCount "66"]
[EventDate "2006.06.24"]
[EventType "swiss"]
[EventRounds "9"]
[EventCountry "IRI"]
[SourceTitle "CBM 113 Extra"]
[Source "ChessBase"]
[SourceDate "2006.09.14"]
[SourceVersion "1"]
[SourceVersionDate "2006.09.14"]
[SourceQuality "1"]

1. e4 c6 2. d4 d5 3. exd5 cxd5 4. c4 Nf6 5. Nc3 g6 6. cxd5 Bg7 7. Qb3 0-0 8. Nf3 Nbd7 9. d6 exd6 10. Be2 Nb6 11. 0-0 Be6 12. Qd1 Nbd5 13. Nxd5 Bxd5 14. Bg5 Qb6 15. b3 Ne4 16. Be3 Nc3 17. Qd2 Nxe2+ 18. Qxe2 Rae8 19. Qd1 f5 20. Bf4 h6 21. h4 Kh7 22. Rc1 Bf6 23. Bg3 Rg8 24. h5 Re7 25. hxg6+ Rxg6 26. Bf4 Reg7 27. g3 Rg4 28. Kh2 Qd8 29. Rh1 Rxf4 30. gxf4 Qe8 31. Ng5+ Bxg5 32. fxg5 Qe4 33. g6+ Rxg6 0-1

[Event "Asia-ch U14"]
[Site "Tehran"]
[Date "2006.06.28"]
[Round "7"]
[White "Adhiban, Baskaran"]
[Black "Aditya, Vikas R"]
[Result "0-1"]
[WhiteElo "2183"]
[BlackElo "2088"]
[PlyCount "84"]
[EventDate "2006.06.24"]
[EventType "swiss"]
[EventRounds "9"]
[EventCountry "IRI"]
[SourceTitle "CBM 113 Extra"]
[Source "ChessBase"]
[SourceDate "2006.09.14"]
[SourceVersion "1"]
[SourceVersionDate "2006.09.14"]
[SourceQuality "1"]

1. e4 c5 2. Nc3 e6 3. Nge2 Nc6 4. d4 cxd4 5. Nxd4 Qc7 6. Be3 a6 7. Qd2 Nf6 8. 0-0-0 Bb4 9. f3 Ne5 10. Nb3 d5 11. Bd4 0-0 12. a3 Bxc3 13. Bxc3 Nc4 14. Qe2 b5 15. e5 Nd7 16. f4 a5 17. Bd4 Ba6 18. Qf2 Rfc8 19. Na1 b4 20. a4 Ncb6 21. Bb5 Bxb5 22. axb5 Nc5 23. f5 Ne4 24. Bxb6 Nxf2 25. Bxc7 Rxc7 26. fxe6 fxe6 27. Nb3 Nxh1 28. Rxh1 Rac8 29. Nxa5 Rxc2+ 30. Kb1 R2c5 31. Nb7 Rxb5 32. Nd6 Rbc5 33. Nxc8 Rxc8 34. Rc1 Rxc1+ 35. Kxc1 Kf7 36. Kd2 Kg6 37. Ke3 h5 38. h4 Kf5 39. Kd4 Kf4 40. Kc5 Ke3 41. Kxb4 d4 42. Kc5 d3 0-1